[Event "Germain Laplante U1900"]
[Site "Chambly CAN"]
[Date "2023.04.28"]
[Round "1.18"]
[White "Tachijian, Mardig"]
[Black "Hudon, Paul"]
[Result "1-0"]
[WhiteElo "1579"]
[BlackElo "1781"]
[PlyCount "151"]
[EventDate "2023.04.28"]
[EventType "swiss"]
[EventRounds "5"]
[EventCountry "CAN"]

1. d4 Nf6 2. c4 e6 3. Nc3 d5 4. Bf4 Bb4 5. e3 Ne4 6. Qb3 c5 7. cxd5 Qa5 8. Nge2
O-O 9. f3 Nf6 10. d6 cxd4 11. Nxd4 e5 12. Ndb5 exf4 13. Nc7 Be6 14. Bc4 Bxc4
15. Qxc4 Rc8 16. O-O Bxd6 17. N3b5 Bxc7 18. Rac1 Nc6 19. a4 Bb6 20. Nd6 Qd5 21.
Nxc8 Bxe3+ 22. Kh1 Qxc4 23. Rxc4 Rxc8 24. g3 g5 25. Rd1 Kg7 26. b4 Rd8 27. Rxd8
Nxd8 28. Rc8 Nc6 29. b5 Na5 30. Kg2 Nd5 31. Kf1 Nb6 32. Rc2 Nac4 33. Ke2 Ne5
34. a5 Nbc4 35. gxf4 Bxf4 36. a6 bxa6 37. bxa6 Bxh2 38. Rc1 Bf4 39. Rd1 Be3 40.
Rd8 Bb6 41. Rc8 h5 42. Re8 Kg6 43. Rh8 g4 44. f4 Nf3 45. f5+ Kg5 46. Kf1 Ne3+
47. Kf2 Nxf5+ 48. Kg2 h4 49. Kh1 h3 50. Rh5+ Kf4 51. Rxf5+ Ke4 52. Rf4+ Kd5 53.
Rxg4 Ne5 54. Rb4 Kc5 55. Rb1 f6 56. Kh2 Nc4 57. Kxh3 Kc6 58. Kg4 Nd6 59. Kf4
Bd4 60. Rb3 Nb5 61. Ke4 Kb6 62. Kd5 Kxa6 63. Kc4 Be5 64. Rxb5 Ba1 65. Rb3 Be5
66. Kc5 Bc7 67. Kc6 Bb6 68. Ra3+ Ba5 69. Ra4 f5 70. Ra2 f4 71. Ra3 f3 72. Rxf3
Bb4 73. Rf2 Ba5 74. Rb2 Bb6 75. Ra2+ Ba5 76. Kc5 1-0

[Event "Germain Laplante U1900"]
[Site "Chambly CAN"]
[Date "2023.04.28"]
[Round "1.19"]
[White "Peloquin, Charli"]
[Black "Jutras, Arnaud"]
[Result "1-0"]
[WhiteElo "1762"]
[BlackElo "1545"]
[PlyCount "57"]
[EventDate "2023.04.28"]
[EventType "swiss"]
[EventRounds "5"]
[EventCountry "CAN"]

1. e4 c6 2. d4 d5 3. Nc3 dxe4 4. Nxe4 Nd7 5. Bc4 Ngf6 6. Ng5 e6 7. Qe2 Nb6 8.
Bb3 Be7 9. N1f3 h6 10. Ne4 O-O 11. Bf4 Nbd5 12. Be5 Nxe4 13. Qxe4 Nf6 14. Qd3
c5 15. O-O-O Qb6 16. h3 cxd4 17. g4 Nd7 18. Bxd4 Bc5 19. c3 Bxd4 20. cxd4 Rd8
21. g5 h5 22. g6 f6 23. Kb1 Nf8 24. Nh4 Kh8 25. Qf3 Rxd4 26. Qxh5+ Kg8 27. Nf5
Rxd1+ 28. Rxd1 Qc5 29. Nh6+ 1-0

[Event "Germain Laplante U1900"]
[Site "Chambly CAN"]
[Date "2023.04.28"]
[Round "1.20"]
[White "St-Germain, Jack"]
[Black "Hayne, Alexander"]
[Result "0-1"]
[WhiteElo "1521"]
[BlackElo "1761"]
[PlyCount "88"]
[EventDate "2023.04.28"]
[EventType "swiss"]
[EventRounds "5"]
[EventCountry "CAN"]

1. e4 c5 2. Nf3 d6 3. d4 cxd4 4. Nxd4 Nf6 5. Nc3 g6 6. Be3 Bg7 7. f3 Nc6 8. Bc4
O-O 9. Qd2 Bd7 10. O-O-O Rc8 11. Bb3 Ne5 12. Kb1 Nc4 13. Bxc4 Rxc4 14. h4 h5
15. g4 Bxg4 16. fxg4 Nxg4 17. Nd5 Nxe3 18. Qxe3 e6 19. b3 Rxd4 20. Rxd4 Bxd4
21. Qxd4 exd5 22. Qxd5 Qe7 23. Rg1 Kh7 24. Rg5 Re8 25. Kb2 Qf6+ 26. c3 Re7 27.
Rg2 Qxh4 28. Qxd6 Qxe4 29. Rd2 Qe6 30. Qd8 h4 31. Rd6 Qe2+ 32. Rd2 Qe3 33. Rd3
Qg5 34. Ka3 Re5 35. Qd7 Qe7+ 36. b4 Qxd7 37. Rxd7 Kg7 38. Rxb7 h3 39. Rd7 h2
40. Rd1 g5 41. Rh1 Re2 42. c4 g4 43. c5 g3 44. c6 Re8 0-1

[Event "Germain Laplante U1900"]
[Site "Chambly CAN"]
[Date "2023.04.28"]
[Round "1.21"]
[White "Kelly, Patrick"]
[Black "Ramesan, Raunak Amit"]
[Result "0-1"]
[WhiteElo "1754"]
[BlackElo "1458"]
[PlyCount "98"]
[EventDate "2023.04.28"]
[EventType "swiss"]
[EventRounds "5"]
[EventCountry "CAN"]

1. d4 d5 2. Nc3 Nf6 3. Bf4 c6 4. e3 Bf5 5. f3 g6 6. g4 Bd7 7. Bd3 Bg7 8. Nge2
Be6 9. Ng3 Nfd7 10. Qd2 c5 11. Nb5 Na6 12. c3 c4 13. Bc2 Ndb8 14. e4 Nc6 15. h4
h6 16. Qe2 Qa5 17. a4 O-O-O 18. Kf2 Qb6 19. exd5 Bxd5 20. Kg2 Rhe8 21. Rhe1 e5
22. dxe5 Nxe5 23. Be4 Nd3 24. Be3 Nac5 25. Red1 Be5 26. b4 Nxe4 27. Bxb6 Nf4+
28. Kh2 Nxe2 29. fxe4 axb6 30. exd5 Nxg3 31. Kh3 Ne2 32. Ra3 Nf4+ 33. Kh2 Nxd5+
34. Kh1 Nc7 35. Nd4 Ne6 36. a5 bxa5 37. Rxa5 Bxd4 38. cxd4 Rxd4 39. Rxd4 Nxd4
40. Rc5+ Kb8 41. Rxc4 Ne6 42. b5 Rc8 43. Rb4 Ka7 44. Kg2 Kb6 45. Rb1 Rc4 46.
Kg3 Rc3+ 47. Kh2 Nd4 48. h5 gxh5 49. gxh5 Rc5 0-1

[Event "Germain Laplante U1900"]
[Site "Chambly CAN"]
[Date "2023.04.28"]
[Round "1.22"]
[White "Lemieux, Serge"]
[Black "Chaurette, Benoit"]
[Result "1-0"]
[WhiteElo "1446"]
[BlackElo "1753"]
[PlyCount "117"]
[EventDate "2023.04.28"]
[EventType "swiss"]
[EventRounds "5"]
[EventCountry "CAN"]

1. d4 Nf6 2. Bg5 Ne4 3. Bf4 g5 4. Bc1 e6 5. f3 Nd6 6. e4 Bg7 7. Nc3 Nc6 8. Be3
b6 9. Qd2 h6 10. g4 e5 11. d5 Nd4 12. O-O-O Qf6 13. Qf2 Bb7 14. h4 O-O-O 15.
Na4 c6 16. c3 N4b5 17. c4 Nd4 18. Nc3 c5 19. Nb5 N6xb5 20. cxb5 Kb8 21. Rh3 Rc8
22. Bc4 d6 23. h5 Rc7 24. Ne2 Bc8 25. Rd3 a6 26. a4 axb5 27. axb5 Ra7 28. Ra3
Bd7 29. Nc3 Rxa3 30. bxa3 Kb7 31. Kb2 Ra8 32. a4 Ra5 33. Ka3 Qd8 34. Rh1 Qa8
35. Qb2 Nxb5+ 36. Bxb5 Bxb5 37. Qb3 Bxa4 38. Nxa4 Rxa4+ 39. Qxa4 b5 40. Qxa8+
Kxa8 41. Rb1 b4+ 42. Ka4 Kb7 43. Kb5 Bf8 44. Ra1 f6 45. Ra6 Be7 46. Rb6+ Kc7
47. Rc6+ Kb7 48. Kc4 Bf8 49. Bd2 Be7 50. Bxb4 cxb4 51. Kxb4 Bf8 52. Ka5 Be7 53.
Rb6+ Kc7 54. Ka6 Kd7 55. Ka7 Ke8 56. Kb8 Kd7 57. Rb7+ Ke8 58. Rxe7+ Kxe7 59.
Kc7 1-0

[Event "Germain Laplante U1900"]
[Site "Chambly CAN"]
[Date "2023.04.28"]
[Round "1.23"]
[White "McCartney, Steven"]
[Black "Tremblay, Xavier"]
[Result "1-0"]
[WhiteElo "1694"]
[BlackElo "1370"]
[PlyCount "75"]
[EventDate "2023.04.28"]
[EventType "swiss"]
[EventRounds "5"]
[EventCountry "CAN"]

1. b3 e5 2. Bb2 Nc6 3. e3 d5 4. Bb5 Bd6 5. f4 Qe7 6. Nf3 Bg4 7. fxe5 Bxe5 8.
Bxe5 Bxf3 9. Qxf3 Qxe5 10. O-O Nf6 11. Nc3 O-O 12. Bxc6 bxc6 13. Qf4 Qe7 14.
Rae1 c5 15. e4 d4 16. Nd1 Rae8 17. d3 a5 18. a4 Nd5 19. Qg3 Nb4 20. Qf2 Qg5 21.
Nb2 Re6 22. Re2 Qh5 23. Qf3 Qg5 24. Qf4 Qh5 25. Ref2 c6 26. Nc4 Rf6 27. Qg3
Rxf2 28. Qxf2 Na2 29. Nxa5 Nc3 30. Nc4 Re8 31. Qf3 Qg6 32. Qf5 Re6 33. Qxg6
Rxg6 34. Ne5 Re6 35. Nxf7 Ne2+ 36. Kh1 Rg6 37. Ne5 Rh6 38. Rf3 1-0

[Event "Germain Laplante U1900"]
[Site "Chambly CAN"]
[Date "2023.04.29"]
[Round "2.13"]
[White "Morin-Pare, Victor"]
[Black "Perron, Pier-Luc"]
[Result "1-0"]
[WhiteElo "1856"]
[BlackElo "1681"]
[PlyCount "107"]
[EventDate "2023.04.28"]
[EventType "swiss"]
[EventRounds "5"]
[EventCountry "CAN"]

1. d4 d5 2. Bf4 Nf6 3. e3 Bg4 4. f3 Bf5 5. g4 Bg6 6. h4 h6 7. Bd3 Bxd3 8. Qxd3
c6 9. Ne2 e6 10. Nbc3 Nbd7 11. Kf2 Qe7 12. Ng3 g6 13. e4 dxe4 14. Ngxe4 e5 15.
Nxf6+ Qxf6 16. Bxe5 Nxe5 17. dxe5 Bc5+ 18. Kg2 Qe6 19. Ne4 Be7 20. Qb3 O-O-O
21. Qxe6+ fxe6 22. Rad1 Rxd1 23. Rxd1 Bxh4 24. Nc5 h5 25. Nxe6 hxg4 26. fxg4
Re8 27. Nf4 Rxe5 28. Nxg6 Re2+ 29. Kf3 Rf2+ 30. Ke3 Rh2 31. Nxh4 Rxh4 32. Kf4
Rh2 33. g5 Rxc2 34. g6 Rxb2 35. Rg1 Rf2+ 36. Kg5 Rf8 37. g7 Rg8 38. Kf6 Kc7 39.
Kf7 Rxg7+ 40. Rxg7 b5 41. Ke6+ Kb6 42. Kd6 c5 43. Rc7 c4 44. Rc6+ Ka5 45. Kc5
c3 46. Kd4 b4 47. Kc4 a6 48. Kb3 Kb5 49. Rc8 a5 50. a4+ Kb6 51. Rc4 Kb7 52. Rc5
Kb6 53. Rb5+ Ka6 54. Kc2 1-0

[Event "Germain Laplante U1900"]
[Site "Chambly CAN"]
[Date "2023.04.29"]
[Round "2.14"]
[White "Allaire, Denis"]
[Black "Jutras, Marc-Andre"]
[Result "1/2-1/2"]
[WhiteElo "1676"]
[BlackElo "1834"]
[PlyCount "62"]
[EventDate "2023.04.28"]
[EventType "swiss"]
[EventRounds "5"]
[EventCountry "CAN"]

1. e4 c6 2. Nf3 d5 3. Nc3 Bg4 4. h3 Bxf3 5. Qxf3 e6 6. Be2 d4 7. Nb1 Nd7 8. Qb3
Nc5 9. Qf3 Nf6 10. d3 Qc7 11. O-O h6 12. c3 e5 13. Qg3 Ne6 14. Nd2 Nf4 15. Bd1
dxc3 16. Nc4 g5 17. Qe3 b5 18. Na3 Rd8 19. Bc2 Qa5 20. Nb1 b4 21. Rd1 g4 22. d4
gxh3 23. dxe5 Rxd1+ 24. Bxd1 Nxg2 25. Qxh3 Qxe5 26. Qc8+ Ke7 27. Qb7+ Kd8 28.
Qa8+ Kc7 29. Qxa7+ Kc8 30. Qa8+ Kc7 31. Qa7+ Kc8 1/2-1/2

[Event "Germain Laplante U1900"]
[Site "Chambly CAN"]
[Date "2023.04.29"]
[Round "2.16"]
[White "Hayne, Alexander"]
[Black "Tachijian, Mardig"]
[Result "1-0"]
[WhiteElo "1761"]
[BlackElo "1579"]
[PlyCount "89"]
[EventDate "2023.04.28"]
[EventType "swiss"]
[EventRounds "5"]
[EventCountry "CAN"]

1. e4 e5 2. f4 d6 3. Nf3 exf4 4. Bc4 Be6 5. Bxe6 fxe6 6. d4 g5 7. h4 g4 8. Ng5
h5 9. Nxe6 Qe7 10. d5 Rh6 11. Bxf4 Rxe6 12. dxe6 Qxe6 13. Qd5 Qxd5 14. exd5 Bg7
15. Nc3 Na6 16. Bg5 Kd7 17. O-O Bd4+ 18. Kh2 Re8 19. Rf7+ Kc8 20. Re1 Be5+ 21.
g3 Nh6 22. Rxe5 dxe5 23. Bxh6 e4 24. Rf8 Rxf8 25. Bxf8 e3 26. Kg2 c5 27. dxc6
bxc6 28. Kf1 Nc7 29. Bc5 a6 30. Ke2 Kd7 31. Bxe3 Ke6 32. Ne4 Kf5 33. Nc5 a5 34.
c4 Ne8 35. Bf4 Kf6 36. a4 Kf5 37. Ke3 Nf6 38. Nb3 Nd7 39. Nd4+ Kf6 40. Nxc6 Nc5
41. Be5+ Kf5 42. Bd4 Nb7 43. c5 Kg6 44. Kf4 Kh6 45. Kf5 1-0

[Event "Germain Laplante U1900"]
[Site "Chambly CAN"]
[Date "2023.04.29"]
[Round "2.17"]
[White "Ramesan, Raunak Amit"]
[Black "McCartney, Steven"]
[Result "0-1"]
[WhiteElo "1458"]
[BlackElo "1694"]
[PlyCount "112"]
[EventDate "2023.04.28"]
[EventType "swiss"]
[EventRounds "5"]
[EventCountry "CAN"]

1. e4 d5 2. exd5 Qxd5 3. Nc3 Qd8 4. d4 Nf6 5. h3 c6 6. Bc4 Bf5 7. Nf3 e6 8. Be3
Nbd7 9. O-O Be7 10. Re1 O-O 11. Qe2 Nd5 12. Nxd5 cxd5 13. Bd3 Bxd3 14. Qxd3 Rc8
15. c3 a6 16. Bf4 Bf6 17. Ne5 Bxe5 18. Bxe5 Nxe5 19. Rxe5 Qb6 20. Qe2 a5 21. a4
Rc4 22. Kh1 Qc6 23. Qd1 Re8 24. f4 b5 25. axb5 Qxb5 26. Re2 Rb8 27. Ra3 h6 28.
Rd2 Qb6 29. Qa1 Qc7 30. Rf2 Rb5 31. Ra4 Rc6 32. Qf1 Qb8 33. Qa1 Rcb6 34. Ra2
Qb7 35. Rxa5 Rxb2 36. Rxb2 Rxb2 37. Kh2 Qb3 38. Rc5 Qc2 39. Qf1 Qe4 40. Kg3 Re2
41. Rc6 g6 42. Rc5 Kg7 43. Rc6 h5 44. h4 Re1 45. Qf2 Rh1 46. Qf3 Qb1 47. Qf2
Qd1 48. Qf3 Qg1 49. Qf2 Qh2+ 50. Kf3 Rd1 51. Qe2 Qxh4 52. Qe5+ Kh7 53. Qe2 Re1
54. Qd2 Rf1+ 55. Ke3 Qxf4+ 56. Kd3 Qe4# 0-1

[Event "Germain Laplante U1900"]
[Site "Chambly CAN"]
[Date "2023.04.29"]
[Round "2.18"]
[White "Duval, Mathieu"]
[Black "Lemieux, Serge"]
[Result "1-0"]
[WhiteElo "1691"]
[BlackElo "1446"]
[PlyCount "93"]
[EventDate "2023.04.28"]
[EventType "swiss"]
[EventRounds "5"]
[EventCountry "CAN"]

1. d4 Nf6 2. c4 e6 3. Nc3 c6 4. Nf3 d5 5. e3 Nbd7 6. cxd5 cxd5 7. Bd3 a6 8. O-O
Bd6 9. a4 O-O 10. Bd2 Re8 11. e4 dxe4 12. Nxe4 Nxe4 13. Bxe4 Nf6 14. Bd3 Bd7
15. Ne5 Rc8 16. Bg5 Be7 17. Qb3 Rc7 18. Rac1 h6 19. Rxc7 Qxc7 20. Rc1 Qd6 21.
Be3 Rb8 22. Nxd7 Nxd7 23. Be4 Nb6 24. g3 Bg5 25. Bxg5 hxg5 26. a5 Nd5 27. Rc5
Nf6 28. Bg2 Qxd4 29. Rc7 Ne4 30. Qc2 Nd6 31. Bxb7 Rxb7 32. Rc8+ Nxc8 33. Qxc8+
Kh7 34. Qxb7 Qd1+ 35. Kg2 Kg6 36. Qxa6 Qd5+ 37. Kg1 Qd1+ 38. Qf1 Qb3 39. Qb1+
f5 40. a6 Qa4 41. Qf1 Kf6 42. b4 e5 43. b5 Qa5 44. Qb1 Qb6 45. Qa1 f4 46. a7
fxg3 47. hxg3 1-0

[Event "Germain Laplante U1900"]
[Site "Chambly CAN"]
[Date "2023.04.29"]
[Round "2.19"]
[White "Wilkin, Alain"]
[Black "Duplessis, Jean-Roch"]
[Result "1-0"]
[WhiteElo "1864"]
[BlackElo "1645"]
[PlyCount "99"]
[EventDate "2023.04.28"]
[EventType "swiss"]
[EventRounds "5"]
[EventCountry "CAN"]

1. Nf3 d5 2. d4 Nf6 3. c4 c6 4. g3 g6 5. Bg2 Bg7 6. Nbd2 O-O 7. O-O Re8 8. Ne5
Nbd7 9. Nxd7 Nxd7 10. cxd5 cxd5 11. Nf3 e5 12. dxe5 Nxe5 13. Nxe5 Bxe5 14. Bxd5
Bh3 15. Bg2 Bxg2 16. Kxg2 h5 17. Qxd8 Raxd8 18. Rb1 Bd6 19. Be3 b6 20. Rfd1 Bc5
21. Rxd8 Rxd8 22. Bxc5 bxc5 23. Kf3 a5 24. Rc1 Rd2 25. Rxc5 Rxb2 26. Rxa5 Kg7
27. Ra6 Rc2 28. a4 Rc3+ 29. Ke4 Rc1 30. h4 Rd1 31. a5 Rd2 32. Kf3 Ra2 33. e4
Kh7 34. Ra7 Kg7 35. e5 Ra3+ 36. Ke4 Ra2 37. f3 Re2+ 38. Kf4 Kg8 39. a6 Ra2 40.
Kg5 Kg7 41. g4 Ra5 42. f4 Ra1 43. e6 Ra5+ 44. f5 hxg4 45. Rxf7+ Kg8 46. Kxg6
Rxa6 47. Kf6 Rd6 48. Rg7+ Kf8 49. Rxg4 Rd2 50. e7+ 1-0

[Event "Germain Laplante U1900"]
[Site "Chambly CAN"]
[Date "2023.04.29"]
[Round "2.20"]
[White "Gauthier, Luc"]
[Black "Giroux, Robert"]
[Result "1-0"]
[WhiteElo "1645"]
[BlackElo "1855"]
[PlyCount "125"]
[EventDate "2023.04.28"]
[EventType "swiss"]
[EventRounds "5"]
[EventCountry "CAN"]

1. e4 c6 2. Nc3 d5 3. Nf3 dxe4 4. Nxe4 Nf6 5. Nxf6+ gxf6 6. d4 Bg4 7. Be2 e6 8.
c3 Qc7 9. Be3 Nd7 10. Qd2 O-O-O 11. h3 Bf5 12. Bd3 Bxd3 13. Qxd3 h5 14. O-O-O
Qa5 15. Kb1 Be7 16. Qc2 Rdg8 17. g3 Qd5 18. Qe2 Qf5+ 19. Ka1 Nb6 20. d5 Nxd5
21. Bxa7 e5 22. Nh4 Qe6 23. Qe4 Rg5 24. Nf3 Rf5 25. Nh4 Rg5 26. Nf3 Rgg8 27.
Nh4 b6 28. c4 Kb7 29. cxd5 cxd5 30. Qxd5+ Qxd5 31. Rxd5 Rd8 32. Rhd1 Kxa7 33.
Rxd8 Rxd8 34. Rxd8 Bxd8 35. Nf5 b5 36. Nd6 Bb6 37. f3 Bf2 38. g4 hxg4 39. hxg4
Kb6 40. Nxf7 Bd4 41. Kb1 Kc5 42. Kc2 Kd5 43. b3 Bb6 44. Kd3 Bc5 45. Nh6 b4 46.
Ng8 Ke6 47. Nh6 Kd5 48. Nf5 Bf8 49. Ne3+ Kc5 50. Ke4 Bh6 51. Nd5 Bg5 52. f4
exf4 53. Nxf4 Bh4 54. Nd3+ Kb5 55. Kd5 Bg5 56. Ke6 Bh4 57. Nf4 Kc5 58. Nd5 Be1
59. Nxf6 Kd4 60. g5 Bd2 61. g6 Bh6 62. Ng4 Bg7 63. Kf7 1-0

[Event "Germain Laplante U1900"]
[Site "Chambly CAN"]
[Date "2023.04.29"]
[Round "2.21"]
[White "Milette, Patrick"]
[Black "Frenette, Laurent"]
[Result "1-0"]
[WhiteElo "1833"]
[BlackElo "1613"]
[PlyCount "53"]
[EventDate "2023.04.28"]
[EventType "swiss"]
[EventRounds "5"]
[EventCountry "CAN"]

1. Nf3 Nf6 2. c4 e6 3. g3 d5 4. Bg2 Bd6 5. O-O O-O 6. d4 c5 7. cxd5 exd5 8. Nc3
h6 9. a3 a6 10. dxc5 Bxc5 11. b4 Bb6 12. Bb2 Be6 13. Na4 Nbd7 14. Rc1 Rc8 15.
Rxc8 Qxc8 16. Bxf6 gxf6 17. Nxb6 Nxb6 18. Qd2 Kh7 19. Rc1 Nc4 20. Qd3+ Kg7 21.
Nd2 Rd8 22. Nb3 b6 23. Nd4 Qd7 24. e4 Bh3 25. Bxh3 Qxh3 26. Nf5+ Kh8 27. Rxc4
1-0

[Event "Germain Laplante U1900"]
[Site "Chambly CAN"]
[Date "2023.04.29"]
[Round "2.22"]
[White "Bedard, Michel"]
[Black "Dumoulin, Sylvain"]
[Result "0-1"]
[WhiteElo "1610"]
[BlackElo "1774"]
[PlyCount "52"]
[EventDate "2023.04.28"]
[EventType "swiss"]
[EventRounds "5"]
[EventCountry "CAN"]

1. d4 d5 2. Nc3 Bf5 3. f3 e6 4. Bf4 Bd6 5. e3 Bxf4 6. exf4 c6 7. Nge2 Qd6 8. g4
Bg6 9. h4 h5 10. Qd2 Na6 11. a3 Nf6 12. g5 Ng8 13. O-O-O Ne7 14. Ng3 O-O 15.
Re1 Rac8 16. Qe3 c5 17. Nb5 Qb6 18. Qe5 Nc6 19. dxc5 Qxc5 20. Qc3 Qf2 21. Qe3
Qxg3 22. Rh3 d4 23. Nxd4 Nxd4 24. Rxg3 Nxc2 25. Qxa7 Rfd8 26. f5 Nxa3+ 0-1

[Event "Germain Laplante U1900"]
[Site "Chambly CAN"]
[Date "2023.04.29"]
[Round "2.23"]
[White "Rauch, Damian"]
[Black "Crete, Mathys"]
[Result "0-1"]
[WhiteElo "1521"]
[BlackElo "1710"]
[PlyCount "72"]
[EventDate "2023.04.28"]
[EventType "swiss"]
[EventRounds "5"]
[EventCountry "CAN"]

1. e4 Nf6 2. Nc3 d5 3. e5 d4 4. exf6 dxc3 5. bxc3 exf6 6. d4 Be7 7. Nf3 Bg4 8.
Be2 O-O 9. O-O c5 10. d5 Bd6 11. h3 Bh5 12. c4 Nd7 13. Be3 b6 14. Re1 Qc7 15.
Nh4 Bxe2 16. Qxe2 Rfe8 17. Rad1 Re4 18. Nf5 Rae8 19. f3 R4e5 20. Qd3 g6 21.
Nh6+ Kg7 22. Ng4 R5e7 23. Bh6+ Kg8 24. Rxe7 Rxe7 25. Qc3 Be5 26. Nxe5 Qxe5 27.
Qxe5 Nxe5 28. Re1 Nxf3+ 29. gxf3 Rxe1+ 30. Kf2 Rd1 31. Ke2 Rd4 32. Be3 Rxc4 33.
d6 Kf8 34. Kd3 Ra4 35. c4 Ke8 36. Ke4 Kd7 0-1

[Event "Germain Laplante U1900"]
[Site "Chambly CAN"]
[Date "2023.04.29"]
[Round "2.24"]
[White "Guillemette, Thomas"]
[Black "Messier, David"]
[Result "0-1"]
[WhiteElo "1603"]
[BlackElo "1863"]
[PlyCount "66"]
[EventDate "2023.04.28"]
[EventType "swiss"]
[EventRounds "5"]
[EventCountry "CAN"]

1. e4 c5 2. c3 Nf6 3. e5 Nd5 4. d4 cxd4 5. Nf3 e6 6. Bc4 dxc3 7. Bxd5 cxb2 8.
Bxb2 Qa5+ 9. Nc3 exd5 10. Qxd5 Bb4 11. O-O Bxc3 12. Qc4 Bxb2 13. Qxc8+ Qd8 14.
Qxb7 Bxa1 15. Qxa8 Bc3 16. Qxa7 O-O 17. Rb1 Nc6 18. Qc5 Qa5 19. Rb5 Qa4 20. Rb3
Bd4 21. Nxd4 Qxd4 22. Qxd4 Nxd4 23. Rd3 Nc6 24. f4 Rd8 25. Kf2 Kf8 26. Ke3 Ke7
27. Rd6 Ra8 28. Rd2 Ra3+ 29. Ke4 Nb4 30. Rb2 Nxa2 31. Kd4 Ra4+ 32. Kd3 Nb4+ 33.
Kc4 Nc6+ 0-1

[Event "Germain Laplante U1900"]
[Site "Chambly CAN"]
[Date "2023.04.29"]
[Round "2.25"]
[White "Dufresne, Christophe"]
[Black "Jutras, Arnaud"]
[Result "1/2-1/2"]
[WhiteElo "1845"]
[BlackElo "1545"]
[PlyCount "96"]
[EventDate "2023.04.28"]
[EventType "swiss"]
[EventRounds "5"]
[EventCountry "CAN"]

1. e4 c6 2. d4 d5 3. e5 c5 4. dxc5 Nc6 5. Nf3 Bg4 6. Be2 e6 7. Bf4 Bxc5 8. Nbd2
Nge7 9. O-O Ng6 10. Bg3 O-O 11. c3 Bb6 12. Ne1 Bf5 13. Nd3 Bxd3 14. Bxd3 Ngxe5
15. Bxe5 Nxe5 16. Bxh7+ Kxh7 17. Qh5+ Kg8 18. Qxe5 Bc7 19. Qe2 Qh4 20. Nf3 Qc4
21. Qxc4 dxc4 22. Rfd1 Rfd8 23. Kf1 Kf8 24. Ke2 Ke7 25. a4 a6 26. Rxd8 Rxd8 27.
Nd2 b5 28. axb5 axb5 29. Nf3 Bb6 30. Ra6 Rd6 31. Ne5 f6 32. Nf3 g5 33. h4 gxh4
34. Nxh4 Kd7 35. Nf3 Kc6 36. Nd2 f5 37. Nf3 Kb7 38. Ra1 Bd8 39. Nd4 Kb6 40. Ra8
Kb7 41. Ra1 Kb6 42. Ra8 Kb7 43. Ra1 Kb6 44. Rb1 Bf6 45. Nc2 Bg5 46. Nd4 Bf6 47.
Nc2 Bg5 48. Nd4 Bf6 1/2-1/2

[Event "Germain Laplante U1900"]
[Site "Chambly CAN"]
[Date "2023.04.29"]
[Round "2.26"]
[White "Hudon, Paul"]
[Black "St-Germain, Jack"]
[Result "0-1"]
[WhiteElo "1781"]
[BlackElo "1521"]
[PlyCount "102"]
[EventDate "2023.04.28"]
[EventType "swiss"]
[EventRounds "5"]
[EventCountry "CAN"]

1. e4 c5 2. c3 Nf6 3. e5 Nd5 4. d4 cxd4 5. Qxd4 e6 6. Nf3 Nc6 7. Qe4 f5 8. Qe2
b5 9. g3 a5 10. Nh4 g6 11. Bg2 Be7 12. Bxd5 exd5 13. Nxf5 O-O 14. Nh6+ Kg7 15.
Ng4 Rf5 16. f4 d4 17. cxd4 Nxd4 18. Qe4 Qc7 19. Nc3 Qc6 20. Qxc6 dxc6 21. Ne3
Bc5 22. Ne4 Bb4+ 23. Kf2 Rf7 24. Rd1 Nf5 25. a3 Be7 26. Nxf5+ Bxf5 27. Nd6 Rd8
28. Nxf5+ gxf5 29. Be3 Rxd1 30. Rxd1 b4 31. axb4 Bxb4 32. Rc1 Rc7 33. Bc5 Rb7
34. Bd4 c5 35. Be3 Rc7 36. Ke2 Kf7 37. Kd3 Ke6 38. Rc2 Kd5 39. b3 h5 40. Bd2 h4
41. Bxb4 axb4 42. Ke3 hxg3 43. hxg3 Rg7 44. Rd2+ Kc6 45. Rd6+ Kb5 46. Kf3 c4
47. Rd5+ Kc6 48. bxc4 b3 49. Rb5 Rb7 50. e6 Rxb5 51. cxb5+ Kd6 0-1

[Event "Germain Laplante U1900"]
[Site "Chambly CAN"]
[Date "2023.04.29"]
[Round "2.27"]
[White "Tremblay, Xavier"]
[Black "Kelly, Patrick"]
[Result "1/2-1/2"]
[WhiteElo "1370"]
[BlackElo "1754"]
[PlyCount "71"]
[EventDate "2023.04.28"]
[EventType "swiss"]
[EventRounds "5"]
[EventCountry "CAN"]

1. d4 Nf6 2. c4 g6 3. Nc3 Bg7 4. e4 d6 5. Be2 O-O 6. Bg5 c6 7. f4 Qa5 8. Qd2 e5
9. fxe5 dxe5 10. d5 Rd8 11. Nf3 cxd5 12. Nxd5 Qxd2+ 13. Nxd2 Nbd7 14. Rf1 Nxd5
15. cxd5 f6 16. Be3 Bf8 17. Rc1 Kg7 18. Bb5 a6 19. Ba4 b5 20. Bb3 a5 21. a4 Ba6
22. axb5 Bxb5 23. Bc4 Rac8 24. Kf2 Bxc4 25. Rxc4 Rxc4 26. Nxc4 Rb8 27. Ke2 Bc5
28. Bd2 a4 29. Ra1 Nb6 30. Nxb6 Rxb6 31. Bc3 a3 32. bxa3 Rb3 33. Bb4 Bxb4 34.
axb4 Rxb4 35. Ra7+ Kg8 36. Ke3 1/2-1/2

[Event "Germain Laplante U1900"]
[Site "Chambly CAN"]
[Date "2023.04.29"]
[Round "3.13"]
[White "McCartney, Steven"]
[Black "Morin-Pare, Victor"]
[Result "1/2-1/2"]
[WhiteElo "1694"]
[BlackElo "1856"]
[PlyCount "145"]
[EventDate "2023.04.28"]
[EventType "swiss"]
[EventRounds "5"]
[EventCountry "CAN"]

1. b3 d5 2. Bb2 Nf6 3. e3 Bf5 4. c4 e6 5. Nf3 h6 6. cxd5 exd5 7. Be2 Bd6 8. d3
O-O 9. Nbd2 Nbd7 10. Rc1 Re8 11. O-O c6 12. Re1 Qa5 13. Bc3 Qc7 14. h3 Bh7 15.
Bb2 Rad8 16. Bf1 a5 17. Nb1 Ne5 18. Nxe5 Bxe5 19. Bxe5 Qxe5 20. Rc5 Qc7 21. Qc2
Re6 22. Rc1 Rc8 23. Nc3 Qd8 24. Ne2 b6 25. Rc3 c5 26. Qd2 Rd6 27. g3 c4 28. Nd4
Nd7 29. bxc4 dxc4 30. Rxc4 Rxc4 31. dxc4 Ne5 32. Be2 Be4 33. Qc3 Qd7 34. Kh2
Nc6 35. Rd1 Ne5 36. Qb3 Qd8 37. Qb5 Nf3+ 38. Bxf3 Bxf3 39. Re1 Be4 40. Qe5 Bb7
41. Rb1 Ba6 42. Rc1 Bb7 43. c5 Rd5 44. Qf4 bxc5 45. Nb3 g5 46. Qa4 Qf6 47. Rf1
Qf3 48. Qg4 Qxg4 49. hxg4 a4 50. Na5 Bc8 51. Nc6 Kf8 52. Kg1 Bxg4 53. Kg2 Rd2
54. a3 Be6 55. Ne5 Ra2 56. Rc1 Bd5+ 57. Kf1 c4 58. Nxc4 Bxc4+ 59. Rxc4 Rxa3 60.
Ke2 Ra2+ 61. Kf3 a3 62. g4 Ra1 63. Ke4 a2 64. Ra4 Rg1 65. Rxa2 Rxg4+ 66. Kf5
Rb4 67. f4 Kg7 68. Ra6 Rb5+ 69. Kg4 h5+ 70. Kg3 g4 71. Kh4 f6 72. e4 Rb4 73.
Kxh5 1/2-1/2

[Event "Germain Laplante U1900"]
[Site "Chambly CAN"]
[Date "2023.04.29"]
[Round "3.14"]
[White "Peloquin, Charli"]
[Black "Hayne, Alexander"]
[Result "1-0"]
[WhiteElo "1762"]
[BlackElo "1761"]
[PlyCount "83"]
[EventDate "2023.04.28"]
[EventType "swiss"]
[EventRounds "5"]
[EventCountry "CAN"]

1. e4 c5 2. Nf3 d6 3. Bb5+ Bd7 4. Bxd7+ Nxd7 5. d4 cxd4 6. Qxd4 Ngf6 7. c4 g6
8. Nc3 Bg7 9. O-O O-O 10. Rd1 Nc5 11. Qe3 Rc8 12. h3 Nfd7 13. Rb1 f5 14. exf5
Rxf5 15. b3 Ne5 16. Nd4 Rf7 17. Ba3 Qb6 18. f4 Nc6 19. Nd5 Qa6 20. Nxc6 bxc6
21. Nxe7+ Rxe7 22. Qxe7 Bf8 23. Qe2 Qxa3 24. b4 Rc7 25. bxc5 Qxc5+ 26. Kh2 Re7
27. Qd3 Qf2 28. Rf1 Qc5 29. Rbe1 Rf7 30. Re8 a5 31. g3 d5 32. cxd5 Rd7 33. Re5
cxd5 34. f5 Bd6 35. Re6 Rf7 36. fxg6 Rf2+ 37. Kh1 Rxf1+ 38. Qxf1 Qc7 39. Rxd6
hxg6 40. Rxg6+ Kh7 41. Rg4 Qc8 42. Qf7+ 1-0

[Event "Germain Laplante U1900"]
[Site "Chambly CAN"]
[Date "2023.04.29"]
[Round "3.15"]
[White "Duval, Mathieu"]
[Black "Wilkin, Alain"]
[Result "1/2-1/2"]
[WhiteElo "1691"]
[BlackElo "1864"]
[PlyCount "49"]
[EventDate "2023.04.28"]
[EventType "swiss"]
[EventRounds "5"]
[EventCountry "CAN"]

1. d4 Nf6 2. c4 g6 3. Nc3 Bg7 4. e4 d6 5. f4 c5 6. d5 O-O 7. Be2 b5 8. cxb5 a6
9. bxa6 Bxa6 10. Bd2 Nbd7 11. Bxa6 Rxa6 12. Nge2 Qb6 13. b3 e6 14. O-O exd5 15.
exd5 c4+ 16. Kh1 cxb3 17. Qxb3 Qxb3 18. axb3 Rxa1 19. Rxa1 Nxd5 20. Ra6 Nxc3
21. Nxc3 Nc5 22. Rxd6 Nxb3 23. Nd1 Nxd2 24. Rxd2 Re8 25. g3 1/2-1/2